<?xml version="1.0" encoding="UTF-8"?>
<record
    xmlns:xsi="http://www.w3.org/2001/XMLSchema-instance"
    xsi:schemaLocation="http://www.loc.gov/MARC21/slim http://www.loc.gov/standards/marcxml/schema/MARC21slim.xsd"
    xmlns="http://www.loc.gov/MARC21/slim">

  <leader>00398nam a2200157Ia 4500</leader>
  <controlfield tag="008">230524s9999    xx            000 0 und d</controlfield>
  <datafield tag="082" ind1=" " ind2=" ">
    <subfield code="a">628</subfield>
    <subfield code="b">MOH</subfield>
  </datafield>
  <datafield tag="100" ind1=" " ind2=" ">
    <subfield code="a">B.K.Mohapatra</subfield>
  </datafield>
  <datafield tag="245" ind1=" " ind2="2">
    <subfield code="a">A Text Book of Environmental Engineering</subfield>
  </datafield>
  <datafield tag="250" ind1=" " ind2=" ">
    <subfield code="a">2ND</subfield>
  </datafield>
  <datafield tag="260" ind1=" " ind2=" ">
    <subfield code="a">NEW DELHI</subfield>
    <subfield code="b">Dhanpat Rai</subfield>
    <subfield code="c">2010</subfield>
  </datafield>
  <datafield tag="300" ind1=" " ind2=" ">
    <subfield code="a">XIII;13.74</subfield>
  </datafield>
  <datafield tag="500" ind1=" " ind2=" ">
    <subfield code="a">Quantity Number:  20</subfield>
  </datafield>
  <datafield tag="650" ind1=" " ind2=" ">
    <subfield code="a">Environmental</subfield>
  </datafield>
  <datafield tag="942" ind1=" " ind2=" ">
    <subfield code="c">BK</subfield>
  </datafield>
  <datafield tag="952" ind1=" " ind2=" ">
    <subfield code="0">0</subfield>
    <subfield code="1">0</subfield>
    <subfield code="4">0</subfield>
    <subfield code="7">0</subfield>
    <subfield code="a">TATCL</subfield>
    <subfield code="b">TATCL</subfield>
    <subfield code="c">GEN</subfield>
    <subfield code="d">2023-05-24</subfield>
    <subfield code="l">0</subfield>
    <subfield code="o">628 MOH</subfield>
    <subfield code="p">40690</subfield>
    <subfield code="r">2023-05-24</subfield>
    <subfield code="w">2023-05-24</subfield>
    <subfield code="y">BK</subfield>
    <subfield code="z">PEIT4303</subfield>
  </datafield>
  <datafield tag="952" ind1=" " ind2=" ">
    <subfield code="0">0</subfield>
    <subfield code="1">0</subfield>
    <subfield code="4">0</subfield>
    <subfield code="7">0</subfield>
    <subfield code="a">TATCL</subfield>
    <subfield code="b">TATCL</subfield>
    <subfield code="c">GEN</subfield>
    <subfield code="d">2023-05-24</subfield>
    <subfield code="l">0</subfield>
    <subfield code="o">628 MOH</subfield>
    <subfield code="p">40691</subfield>
    <subfield code="r">2023-05-24</subfield>
    <subfield code="w">2023-05-24</subfield>
    <subfield code="y">BK</subfield>
    <subfield code="z">PEIT4303</subfield>
  </datafield>
  <datafield tag="952" ind1=" " ind2=" ">
    <subfield code="0">0</subfield>
    <subfield code="1">0</subfield>
    <subfield code="4">0</subfield>
    <subfield code="7">0</subfield>
    <subfield code="a">TATCL</subfield>
    <subfield code="b">TATCL</subfield>
    <subfield code="c">GEN</subfield>
    <subfield code="d">2023-05-24</subfield>
    <subfield code="l">0</subfield>
    <subfield code="o">628 MOH</subfield>
    <subfield code="p">40692</subfield>
    <subfield code="r">2023-05-24</subfield>
    <subfield code="w">2023-05-24</subfield>
    <subfield code="y">BK</subfield>
    <subfield code="z">PEIT4303</subfield>
  </datafield>
  <datafield tag="952" ind1=" " ind2=" ">
    <subfield code="0">0</subfield>
    <subfield code="1">0</subfield>
    <subfield code="4">0</subfield>
    <subfield code="7">0</subfield>
    <subfield code="a">TATCL</subfield>
    <subfield code="b">TATCL</subfield>
    <subfield code="c">GEN</subfield>
    <subfield code="d">2023-05-24</subfield>
    <subfield code="l">0</subfield>
    <subfield code="o">628 MOH</subfield>
    <subfield code="p">40693</subfield>
    <subfield code="r">2023-05-24</subfield>
    <subfield code="w">2023-05-24</subfield>
    <subfield code="y">BK</subfield>
    <subfield code="z">PEIT4303</subfield>
  </datafield>
  <datafield tag="952" ind1=" " ind2=" ">
    <subfield code="0">0</subfield>
    <subfield code="1">0</subfield>
    <subfield code="4">0</subfield>
    <subfield code="7">0</subfield>
    <subfield code="a">TATCL</subfield>
    <subfield code="b">TATCL</subfield>
    <subfield code="c">GEN</subfield>
    <subfield code="d">2023-05-24</subfield>
    <subfield code="l">0</subfield>
    <subfield code="o">628 MOH</subfield>
    <subfield code="p">40694</subfield>
    <subfield code="r">2023-05-24</subfield>
    <subfield code="w">2023-05-24</subfield>
    <subfield code="y">BK</subfield>
    <subfield code="z">PEIT4303</subfield>
  </datafield>
  <datafield tag="952" ind1=" " ind2=" ">
    <subfield code="0">0</subfield>
    <subfield code="1">0</subfield>
    <subfield code="4">0</subfield>
    <subfield code="7">0</subfield>
    <subfield code="a">TATCL</subfield>
    <subfield code="b">TATCL</subfield>
    <subfield code="c">GEN</subfield>
    <subfield code="d">2023-05-24</subfield>
    <subfield code="l">0</subfield>
    <subfield code="o">628 MOH</subfield>
    <subfield code="p">40695</subfield>
    <subfield code="r">2023-05-24</subfield>
    <subfield code="w">2023-05-24</subfield>
    <subfield code="y">BK</subfield>
    <subfield code="z">PEIT4303</subfield>
  </datafield>
  <datafield tag="952" ind1=" " ind2=" ">
    <subfield code="0">0</subfield>
    <subfield code="1">0</subfield>
    <subfield code="4">0</subfield>
    <subfield code="7">0</subfield>
    <subfield code="a">TATCL</subfield>
    <subfield code="b">TATCL</subfield>
    <subfield code="c">GEN</subfield>
    <subfield code="d">2023-05-24</subfield>
    <subfield code="l">0</subfield>
    <subfield code="o">628 MOH</subfield>
    <subfield code="p">40696</subfield>
    <subfield code="r">2023-05-24</subfield>
    <subfield code="w">2023-05-24</subfield>
    <subfield code="y">BK</subfield>
    <subfield code="z">PEIT4303</subfield>
  </datafield>
  <datafield tag="952" ind1=" " ind2=" ">
    <subfield code="0">0</subfield>
    <subfield code="1">0</subfield>
    <subfield code="4">0</subfield>
    <subfield code="7">0</subfield>
    <subfield code="a">TATCL</subfield>
    <subfield code="b">TATCL</subfield>
    <subfield code="c">GEN</subfield>
    <subfield code="d">2023-05-24</subfield>
    <subfield code="l">0</subfield>
    <subfield code="o">628 MOH</subfield>
    <subfield code="p">40697</subfield>
    <subfield code="r">2023-05-24</subfield>
    <subfield code="w">2023-05-24</subfield>
    <subfield code="y">BK</subfield>
    <subfield code="z">PEIT4303</subfield>
  </datafield>
  <datafield tag="952" ind1=" " ind2=" ">
    <subfield code="0">0</subfield>
    <subfield code="1">0</subfield>
    <subfield code="4">0</subfield>
    <subfield code="7">0</subfield>
    <subfield code="a">TATCL</subfield>
    <subfield code="b">TATCL</subfield>
    <subfield code="c">GEN</subfield>
    <subfield code="d">2023-05-24</subfield>
    <subfield code="l">0</subfield>
    <subfield code="o">628 MOH</subfield>
    <subfield code="p">40698</subfield>
    <subfield code="r">2023-05-24</subfield>
    <subfield code="w">2023-05-24</subfield>
    <subfield code="y">BK</subfield>
    <subfield code="z">PEIT4303</subfield>
  </datafield>
  <datafield tag="952" ind1=" " ind2=" ">
    <subfield code="0">0</subfield>
    <subfield code="1">0</subfield>
    <subfield code="4">0</subfield>
    <subfield code="7">0</subfield>
    <subfield code="a">TATCL</subfield>
    <subfield code="b">TATCL</subfield>
    <subfield code="c">GEN</subfield>
    <subfield code="d">2023-05-24</subfield>
    <subfield code="l">0</subfield>
    <subfield code="o">628 MOH</subfield>
    <subfield code="p">40699</subfield>
    <subfield code="r">2023-05-24</subfield>
    <subfield code="w">2023-05-24</subfield>
    <subfield code="y">BK</subfield>
    <subfield code="z">PEIT4303</subfield>
  </datafield>
  <datafield tag="952" ind1=" " ind2=" ">
    <subfield code="0">0</subfield>
    <subfield code="1">0</subfield>
    <subfield code="4">0</subfield>
    <subfield code="7">0</subfield>
    <subfield code="a">TATCL</subfield>
    <subfield code="b">TATCL</subfield>
    <subfield code="c">GEN</subfield>
    <subfield code="d">2023-05-24</subfield>
    <subfield code="l">0</subfield>
    <subfield code="o">628 MOH</subfield>
    <subfield code="p">40700</subfield>
    <subfield code="r">2023-05-24</subfield>
    <subfield code="w">2023-05-24</subfield>
    <subfield code="y">BK</subfield>
    <subfield code="z">PEIT4303</subfield>
  </datafield>
  <datafield tag="952" ind1=" " ind2=" ">
    <subfield code="0">0</subfield>
    <subfield code="1">0</subfield>
    <subfield code="4">0</subfield>
    <subfield code="7">0</subfield>
    <subfield code="a">TATCL</subfield>
    <subfield code="b">TATCL</subfield>
    <subfield code="c">GEN</subfield>
    <subfield code="d">2023-05-24</subfield>
    <subfield code="l">0</subfield>
    <subfield code="o">628 MOH</subfield>
    <subfield code="p">40701</subfield>
    <subfield code="r">2023-05-24</subfield>
    <subfield code="w">2023-05-24</subfield>
    <subfield code="y">BK</subfield>
    <subfield code="z">PEIT4303</subfield>
  </datafield>
  <datafield tag="952" ind1=" " ind2=" ">
    <subfield code="0">0</subfield>
    <subfield code="1">0</subfield>
    <subfield code="4">0</subfield>
    <subfield code="7">0</subfield>
    <subfield code="a">TATCL</subfield>
    <subfield code="b">TATCL</subfield>
    <subfield code="c">GEN</subfield>
    <subfield code="d">2023-05-24</subfield>
    <subfield code="l">0</subfield>
    <subfield code="o">628 MOH</subfield>
    <subfield code="p">40702</subfield>
    <subfield code="r">2023-05-24</subfield>
    <subfield code="w">2023-05-24</subfield>
    <subfield code="y">BK</subfield>
    <subfield code="z">PEIT4303</subfield>
  </datafield>
  <datafield tag="952" ind1=" " ind2=" ">
    <subfield code="0">0</subfield>
    <subfield code="1">0</subfield>
    <subfield code="4">0</subfield>
    <subfield code="7">0</subfield>
    <subfield code="a">TATCL</subfield>
    <subfield code="b">TATCL</subfield>
    <subfield code="c">GEN</subfield>
    <subfield code="d">2023-05-24</subfield>
    <subfield code="l">0</subfield>
    <subfield code="o">628 MOH</subfield>
    <subfield code="p">40703</subfield>
    <subfield code="r">2023-05-24</subfield>
    <subfield code="w">2023-05-24</subfield>
    <subfield code="y">BK</subfield>
    <subfield code="z">PEIT4303</subfield>
  </datafield>
  <datafield tag="952" ind1=" " ind2=" ">
    <subfield code="0">0</subfield>
    <subfield code="1">0</subfield>
    <subfield code="4">0</subfield>
    <subfield code="7">0</subfield>
    <subfield code="a">TATCL</subfield>
    <subfield code="b">TATCL</subfield>
    <subfield code="c">GEN</subfield>
    <subfield code="d">2023-05-24</subfield>
    <subfield code="l">0</subfield>
    <subfield code="o">628 MOH</subfield>
    <subfield code="p">40704</subfield>
    <subfield code="r">2023-05-24</subfield>
    <subfield code="w">2023-05-24</subfield>
    <subfield code="y">BK</subfield>
    <subfield code="z">PEIT4303</subfield>
  </datafield>
  <datafield tag="952" ind1=" " ind2=" ">
    <subfield code="0">0</subfield>
    <subfield code="1">0</subfield>
    <subfield code="4">0</subfield>
    <subfield code="7">0</subfield>
    <subfield code="a">TATCL</subfield>
    <subfield code="b">TATCL</subfield>
    <subfield code="c">GEN</subfield>
    <subfield code="d">2023-05-24</subfield>
    <subfield code="l">0</subfield>
    <subfield code="o">628 MOH</subfield>
    <subfield code="p">40705</subfield>
    <subfield code="r">2023-05-24</subfield>
    <subfield code="w">2023-05-24</subfield>
    <subfield code="y">BK</subfield>
    <subfield code="z">PEIT4303</subfield>
  </datafield>
  <datafield tag="952" ind1=" " ind2=" ">
    <subfield code="0">0</subfield>
    <subfield code="1">0</subfield>
    <subfield code="4">0</subfield>
    <subfield code="7">0</subfield>
    <subfield code="a">TATCL</subfield>
    <subfield code="b">TATCL</subfield>
    <subfield code="c">GEN</subfield>
    <subfield code="d">2023-05-24</subfield>
    <subfield code="l">0</subfield>
    <subfield code="o">628 MOH</subfield>
    <subfield code="p">40706</subfield>
    <subfield code="r">2023-05-24</subfield>
    <subfield code="w">2023-05-24</subfield>
    <subfield code="y">BK</subfield>
    <subfield code="z">PEIT4303</subfield>
  </datafield>
  <datafield tag="952" ind1=" " ind2=" ">
    <subfield code="0">0</subfield>
    <subfield code="1">0</subfield>
    <subfield code="4">0</subfield>
    <subfield code="7">0</subfield>
    <subfield code="a">TATCL</subfield>
    <subfield code="b">TATCL</subfield>
    <subfield code="c">GEN</subfield>
    <subfield code="d">2023-05-24</subfield>
    <subfield code="l">0</subfield>
    <subfield code="o">628 MOH</subfield>
    <subfield code="p">40707</subfield>
    <subfield code="r">2023-05-24</subfield>
    <subfield code="w">2023-05-24</subfield>
    <subfield code="y">BK</subfield>
    <subfield code="z">PEIT4303</subfield>
  </datafield>
  <datafield tag="952" ind1=" " ind2=" ">
    <subfield code="0">0</subfield>
    <subfield code="1">0</subfield>
    <subfield code="4">0</subfield>
    <subfield code="7">0</subfield>
    <subfield code="a">TATCL</subfield>
    <subfield code="b">TATCL</subfield>
    <subfield code="c">GEN</subfield>
    <subfield code="d">2023-05-24</subfield>
    <subfield code="l">0</subfield>
    <subfield code="o">628 MOH</subfield>
    <subfield code="p">40708</subfield>
    <subfield code="r">2023-05-24</subfield>
    <subfield code="w">2023-05-24</subfield>
    <subfield code="y">BK</subfield>
    <subfield code="z">PEIT4303</subfield>
  </datafield>
  <datafield tag="952" ind1=" " ind2=" ">
    <subfield code="0">0</subfield>
    <subfield code="1">0</subfield>
    <subfield code="4">0</subfield>
    <subfield code="7">0</subfield>
    <subfield code="a">TATCL</subfield>
    <subfield code="b">TATCL</subfield>
    <subfield code="c">GEN</subfield>
    <subfield code="d">2023-05-24</subfield>
    <subfield code="l">0</subfield>
    <subfield code="o">628 MOH</subfield>
    <subfield code="p">40709</subfield>
    <subfield code="r">2023-05-24</subfield>
    <subfield code="w">2023-05-24</subfield>
    <subfield code="y">BK</subfield>
    <subfield code="z">PEIT4303</subfield>
  </datafield>
  <datafield tag="999" ind1=" " ind2=" ">
    <subfield code="c">48067</subfield>
    <subfield code="d">48067</subfield>
  </datafield>
</record>
